000 00358nam a2200169Ia 4500
100 _aDalal/Upena
650 _aCommunication
942 _cBK
366 _f20
654 _awireless
245 _aWireless communication
260 _bOxford Higher Education
_c2009
082 _a621.382
_bDAL
300 _a772
546 _aENGLISH
_cTTL
999 _c32981
_d32981